000 00590nam a22002057a 4500
999 _c9471
_d9471
003 BD-JhCC
005 20180314193539.0
008 180314s1989 bg p|||| |||| 00| 0 ben d
035 _a(BD-JhCC)
040 _aBD-JhCC
_dBD-JhCC
041 _aeng
082 _a920
_bRAH 1989
100 _aরায়, ভবেশ
245 _aশত মনীষীর কথা /
_bভবেশ রায়
260 _aঢাকা :
_bঅনুপম প্রকাশনী ,
_c1989
300 _a375;
_bIll
_c21 cm
650 _aCollection of Biography
942 _2ddc
_cBK